00672nam a2200241 a 4500001001300000003000900013005001700022008004100039020001000080082001800090100001700108245003200125260003700157300000900194500003500203505001000238650001700248700001700265902000800282942000700290952011800297999001500415nice12345678IN_TiNIC20260116011806.0050524s1973 beia grp 000 0 ara  ac10000a220.5927bABD aAbdul, Masih aFi Maukib Intesar-Ul-Masih. aBeirutbMarkaz Ilshabiyatac1973 a148p aincludes index and biblioraphy2 aIndex aBible-Arabic1 aAbdul, Masih bSRS cBK 001040708StackRoom-aHMIbHMId2007-06-15g100.00l0o220.5927 ABDp07480r2007-06-15v100.00w2005-05-24yBK c4001d4001